000
00324nam a22001337a 4500
999
_c
55083
_d
55083
008
200205b ||||| |||| 00| 0 eng d
041
_a
eng
080
_2
043.3
_a
043.3
082
_a
043.3
100
_a
0
101
_a
BTH
245
_a
Kujdesi Infermieror ndaj Fëmijëve me Diabet Melit Tipi 1
_c
Nuzi,D
942
_2
udc
_c
BK